000 03437nam a22002777a 4500
005 20240305165501.0
007 cr|||| ||||
008 180313s2011 es |||||s|||| 00||0 spa d
020 _a978-84-9123-349-7
035 _a21055
040 _avLex
090 _c7471
_d7471
100 1 _aRodríguez Bereijo, Álvaro
245 1 0 _aIgualdad tributaria y tutela constitucional
_h[Recurso electrónico] :
_bUn estudio de jurisprudencia /
_cÁlvaro Rodríguez Bereijo
256 _aServicio en línea
260 _aMadrid:
_bMarcial Pons,
_c2011
300 _a1 recurso electrónico
500 _a(Igualdad tributaria del art. 31.1 CE e igualdad ante la ley del art. 14 CE: el problema del recurso de amparo en materia tributaria). El libro del Prof. Rodríguez Bereijo es un ensayo sobre la aplicación del principio de igualdad tributaria en la jurisprudencia del Tribunal Constitucional, en particular, aunque no únicamente, la recaída en los recursos de amparo. Dado que nuestra Constitución, además de la enunciación del principio general de igualdad ante la ley en el art. 14 CE, se refiere también a la igualdad tributaria, de manera específica, en el art. 31.1 CE, dicha aplicación ha resultado controvertida, sobre todo en las demandas de amparo constitucional en que los ciudadanos, apelando directamente a la Constitución, invocan los citados preceptos. El resultado es una línea jurisprudencial no siempre clara, en la que no es difícil advertir algún titubeo o vacilación del propio Tribunal Constitucional respecto del entendimiento, desde el punto de vista dogmático, del principio de igualdad tributaria. Estas vacilaciones se deben tanto a la indeterminación y especial apertura del canon empleado (capacidad económica, igualdad) como a la deferencia, a veces excesiva, a la legítima libertad de opción del legislador en materia tributaria que reduce el juicio de igualdad a un juicio de mínimos: el mero control de la arbitrariedad de la diferencia de trato por medio de un criterio tan lábil como el de la razonabilidad. Después de examinar, de manera exhaustiva, la jurisprudencia tributaria en los recursos de amparo en que se invoca el principio de igualdad, se analizan los casos más relevantes de la jurisprudencia constitucional en materia de igualdad tributaria: el impuesto sobre actividades económicas; la exención tributaria de las Cajas de Ahorros; el problema de la imputación de rentas en el IRPF; la tributación en el IRPF de las rentas y cargas familiares en los distintos tipos o situaciones de familia; las ventajas fiscales sólo para los residentes en territorios forales; el tratamiento fiscal de las rentas irregulares en el IRPF o la ficción legal de existencia de una ganancia patrimonial a título gratuito a los efectos tributarios de los distintos impuestos implicados.
506 1 _aDisponible solo en los productos indicados
_dvLex Global
_dvLex Global (Academic Edition, excluding Law Schools)
_dvLex Global (U.S. Academic Edition, Law Schools)
_dvLex Global (U.S. Academic Edition, excluding Law Schools)
_dvLex Global (Academic Edition, Law Schools)
650 0 4 _aDerecho Fiscal
_zEspaña
650 0 4 _aDerecho Tributario
_zEspaña
650 0 4 _aFinanciero
_zEspaña
740 0 _avLex Libros (Servicio en línea)
856 4 0 _uhttps://app.vlex.com/#/sources/igualdad-tributaria-y-tutela-constitucional-un-estudio-de-jurisprudencia-21055
942 _cRAA
999 _c165709
_d165709